<?xml version="1.0" encoding="UTF-8"?>
<record
    xmlns:xsi="http://www.w3.org/2001/XMLSchema-instance"
    xsi:schemaLocation="http://www.loc.gov/MARC21/slim http://www.loc.gov/standards/marcxml/schema/MARC21slim.xsd"
    xmlns="http://www.loc.gov/MARC21/slim">

  <leader>00454nam a2200181Ia 4500</leader>
  <controlfield tag="003">OSt</controlfield>
  <controlfield tag="005">20260306124430.0</controlfield>
  <controlfield tag="008">230411s9999    xx            000 0 und d</controlfield>
  <datafield tag="020" ind1=" " ind2=" ">
    <subfield code="a">978-93-5152-666-7</subfield>
  </datafield>
  <datafield tag="041" ind1=" " ind2=" ">
    <subfield code="a">eng</subfield>
  </datafield>
  <datafield tag="082" ind1=" " ind2=" ">
    <subfield code="a">P/618/SHA/B09473</subfield>
  </datafield>
  <datafield tag="100" ind1=" " ind2=" ">
    <subfield code="a">Sharma Rimple</subfield>
    <subfield code="9">179492</subfield>
  </datafield>
  <datafield tag="245" ind1=" " ind2=" ">
    <subfield code="a">Essentials of Pediatric Nursing</subfield>
  </datafield>
  <datafield tag="260" ind1=" " ind2=" ">
    <subfield code="b">Jaypee Brothers</subfield>
    <subfield code="a">New Delhi</subfield>
    <subfield code="c">2021</subfield>
  </datafield>
  <datafield tag="300" ind1=" " ind2=" ">
    <subfield code="a">493p</subfield>
  </datafield>
  <datafield tag="942" ind1=" " ind2=" ">
    <subfield code="2">ddc</subfield>
    <subfield code="c">BK</subfield>
  </datafield>
  <datafield tag="999" ind1=" " ind2=" ">
    <subfield code="c">158552</subfield>
    <subfield code="d">158552</subfield>
  </datafield>
  <datafield tag="952" ind1=" " ind2=" ">
    <subfield code="0">0</subfield>
    <subfield code="1">0</subfield>
    <subfield code="4">0</subfield>
    <subfield code="7">0</subfield>
    <subfield code="8">P</subfield>
    <subfield code="a">BTIN</subfield>
    <subfield code="b">BTIN</subfield>
    <subfield code="d">2020-12-10</subfield>
    <subfield code="e">S.K.Kothari,Pune.</subfield>
    <subfield code="g">895.00</subfield>
    <subfield code="i">189</subfield>
    <subfield code="l">0</subfield>
    <subfield code="o">P 618 SHA B09473</subfield>
    <subfield code="p">BTIN-BK-9474</subfield>
    <subfield code="r">2023-04-11 00:00:00</subfield>
    <subfield code="v">581.75</subfield>
    <subfield code="w">2017-03-30</subfield>
    <subfield code="y">BK</subfield>
    <subfield code="z">B09474</subfield>
  </datafield>
  <datafield tag="952" ind1=" " ind2=" ">
    <subfield code="0">0</subfield>
    <subfield code="1">0</subfield>
    <subfield code="4">0</subfield>
    <subfield code="7">0</subfield>
    <subfield code="8">P</subfield>
    <subfield code="a">BTIN</subfield>
    <subfield code="b">BTIN</subfield>
    <subfield code="d">2020-12-10</subfield>
    <subfield code="e">S.K.Kothari,Pune.</subfield>
    <subfield code="g">895.00</subfield>
    <subfield code="i">189</subfield>
    <subfield code="l">0</subfield>
    <subfield code="o">P 618 SHA B09474</subfield>
    <subfield code="p">BTIN-BK-9475</subfield>
    <subfield code="r">2023-12-05 00:00:00</subfield>
    <subfield code="v">581.75</subfield>
    <subfield code="w">2017-03-30</subfield>
    <subfield code="y">BK</subfield>
    <subfield code="z">B09475</subfield>
  </datafield>
  <datafield tag="952" ind1=" " ind2=" ">
    <subfield code="0">0</subfield>
    <subfield code="1">0</subfield>
    <subfield code="4">0</subfield>
    <subfield code="7">0</subfield>
    <subfield code="8">P</subfield>
    <subfield code="a">BTIN</subfield>
    <subfield code="b">BTIN</subfield>
    <subfield code="d">2020-12-10</subfield>
    <subfield code="e">S.K.Kothari,Pune.</subfield>
    <subfield code="g">895.00</subfield>
    <subfield code="i">189</subfield>
    <subfield code="l">0</subfield>
    <subfield code="o">P 618 SHA B09475</subfield>
    <subfield code="p">BTIN-BK-9476</subfield>
    <subfield code="r">2023-04-11 00:00:00</subfield>
    <subfield code="v">581.75</subfield>
    <subfield code="w">2017-03-30</subfield>
    <subfield code="y">BK</subfield>
    <subfield code="z">B09476</subfield>
  </datafield>
  <datafield tag="952" ind1=" " ind2=" ">
    <subfield code="0">0</subfield>
    <subfield code="1">0</subfield>
    <subfield code="4">0</subfield>
    <subfield code="7">0</subfield>
    <subfield code="8">P</subfield>
    <subfield code="a">BTIN</subfield>
    <subfield code="b">BTIN</subfield>
    <subfield code="d">2020-12-10</subfield>
    <subfield code="e">S.K.Kothari,Pune.</subfield>
    <subfield code="g">895.00</subfield>
    <subfield code="i">189</subfield>
    <subfield code="l">0</subfield>
    <subfield code="o">P 618 SHA B09476</subfield>
    <subfield code="p">BTIN-BK-9477</subfield>
    <subfield code="r">2023-04-11 00:00:00</subfield>
    <subfield code="v">581.75</subfield>
    <subfield code="w">2017-03-30</subfield>
    <subfield code="y">BK</subfield>
    <subfield code="z">B09477</subfield>
  </datafield>
  <datafield tag="952" ind1=" " ind2=" ">
    <subfield code="0">0</subfield>
    <subfield code="1">0</subfield>
    <subfield code="4">0</subfield>
    <subfield code="7">0</subfield>
    <subfield code="8">P</subfield>
    <subfield code="a">BTIN</subfield>
    <subfield code="b">BTIN</subfield>
    <subfield code="d">2020-12-10</subfield>
    <subfield code="e">S.K.Kothari,Pune.</subfield>
    <subfield code="g">895.00</subfield>
    <subfield code="i">189</subfield>
    <subfield code="l">0</subfield>
    <subfield code="o">P 618 SHA B09477</subfield>
    <subfield code="p">BTIN-BK-9478</subfield>
    <subfield code="r">2023-04-11 00:00:00</subfield>
    <subfield code="v">581.75</subfield>
    <subfield code="w">2017-03-30</subfield>
    <subfield code="y">BK</subfield>
    <subfield code="z">B09478</subfield>
  </datafield>
  <datafield tag="952" ind1=" " ind2=" ">
    <subfield code="0">0</subfield>
    <subfield code="1">0</subfield>
    <subfield code="4">0</subfield>
    <subfield code="7">0</subfield>
    <subfield code="8">P</subfield>
    <subfield code="a">BTIN</subfield>
    <subfield code="b">BTIN</subfield>
    <subfield code="d">2020-12-10</subfield>
    <subfield code="e">S.K.Kothari,Pune.</subfield>
    <subfield code="g">895.00</subfield>
    <subfield code="i">189</subfield>
    <subfield code="l">0</subfield>
    <subfield code="o">P 618 SHA B09478</subfield>
    <subfield code="p">BTIN-BK-9479</subfield>
    <subfield code="r">2023-04-11 00:00:00</subfield>
    <subfield code="v">581.75</subfield>
    <subfield code="w">2017-03-30</subfield>
    <subfield code="y">BK</subfield>
    <subfield code="z">B09479</subfield>
  </datafield>
  <datafield tag="952" ind1=" " ind2=" ">
    <subfield code="0">0</subfield>
    <subfield code="1">0</subfield>
    <subfield code="4">0</subfield>
    <subfield code="7">0</subfield>
    <subfield code="8">P</subfield>
    <subfield code="a">BTIN</subfield>
    <subfield code="b">BTIN</subfield>
    <subfield code="d">2020-12-10</subfield>
    <subfield code="e">S.K.Kothari,Pune.</subfield>
    <subfield code="g">895.00</subfield>
    <subfield code="i">189</subfield>
    <subfield code="l">0</subfield>
    <subfield code="o">P 618 SHA B09479</subfield>
    <subfield code="p">BTIN-BK-9480</subfield>
    <subfield code="r">2023-04-11 00:00:00</subfield>
    <subfield code="v">581.75</subfield>
    <subfield code="w">2017-03-30</subfield>
    <subfield code="y">BK</subfield>
    <subfield code="z">B09480</subfield>
  </datafield>
  <datafield tag="952" ind1=" " ind2=" ">
    <subfield code="0">0</subfield>
    <subfield code="1">0</subfield>
    <subfield code="4">0</subfield>
    <subfield code="7">0</subfield>
    <subfield code="8">P</subfield>
    <subfield code="a">BTIN</subfield>
    <subfield code="b">BTIN</subfield>
    <subfield code="d">2020-12-10</subfield>
    <subfield code="e">S.K.Kothari,Pune.</subfield>
    <subfield code="g">895.00</subfield>
    <subfield code="i">189</subfield>
    <subfield code="l">0</subfield>
    <subfield code="o">P 618 SHA B09480</subfield>
    <subfield code="p">BTIN-BK-9481</subfield>
    <subfield code="r">2023-04-11 00:00:00</subfield>
    <subfield code="v">581.75</subfield>
    <subfield code="w">2017-03-30</subfield>
    <subfield code="y">BK</subfield>
    <subfield code="z">B09481</subfield>
  </datafield>
  <datafield tag="952" ind1=" " ind2=" ">
    <subfield code="0">0</subfield>
    <subfield code="1">0</subfield>
    <subfield code="4">0</subfield>
    <subfield code="7">0</subfield>
    <subfield code="8">P</subfield>
    <subfield code="a">BTIN</subfield>
    <subfield code="b">BTIN</subfield>
    <subfield code="d">2020-12-10</subfield>
    <subfield code="e">S.K.Kothari,Pune.</subfield>
    <subfield code="g">895.00</subfield>
    <subfield code="i">189</subfield>
    <subfield code="l">0</subfield>
    <subfield code="o">P 618 SHA B09481</subfield>
    <subfield code="p">BTIN-BK-9482</subfield>
    <subfield code="r">2023-04-11 00:00:00</subfield>
    <subfield code="v">581.75</subfield>
    <subfield code="w">2017-03-30</subfield>
    <subfield code="y">BK</subfield>
    <subfield code="z">B09482</subfield>
  </datafield>
  <datafield tag="952" ind1=" " ind2=" ">
    <subfield code="0">0</subfield>
    <subfield code="1">0</subfield>
    <subfield code="4">0</subfield>
    <subfield code="7">0</subfield>
    <subfield code="8">P</subfield>
    <subfield code="a">BTIN</subfield>
    <subfield code="b">BTIN</subfield>
    <subfield code="d">2020-12-10</subfield>
    <subfield code="e">S.K.Kothari,Pune.</subfield>
    <subfield code="g">895.00</subfield>
    <subfield code="i">189</subfield>
    <subfield code="l">0</subfield>
    <subfield code="o">P 618 SHA B09482</subfield>
    <subfield code="p">BTIN-BK-9483</subfield>
    <subfield code="r">2023-04-11 00:00:00</subfield>
    <subfield code="v">581.75</subfield>
    <subfield code="w">2017-03-30</subfield>
    <subfield code="y">BK</subfield>
    <subfield code="z">B09483</subfield>
  </datafield>
</record>
